00923nam a22002177a 4500003000500000008004100005020001800046040000800064041001300072050001300085100003800098245003100136250002700167260005100194300003500245336002700280337003300307338002900340505030900369650002700678BPGM260618e1996 mx boc|g |||| 001 0 spa d a968-7377-25-9 bspa aspahspa a900b036 aLANDAVERDE CHAVEZ, JESUS eAUTOR  aMUNICPIO DE TEQUISQUIAPAN  aPRIMERA EDICION b1996 aMEXICObGOBIERNO DEL ESTADO DE QUERETAROc1996 a150 paginas c21 cm x 13.6 cm  2rdacontentatextobtxt 2rdamediaasin mediaciónbn 2rdacarrieravolumen bnc aes una monografía histórica y cultural que forma parte de la colección Querétaro, visión de sus cronistas. Publicado en los años 90, ofrece un panorama integral sobre la fundación, desarrollo, tradiciones y transformación turística de Tequisquiapan, hoy reconocido como Pueblo Mágico. 2GEOGRAFÍA E HISTORIA